000
00302nam a22001217a 4500
008
230629b xxu||||| |||| 00| 0 eng d
082
_a
333.79
_b
MERD
100
_c
GOK
245
_a
National Energy Policy and Investment Plan
260
_a
Kenya
_b
GOK
_c
1987
300
_a
various paging
942
_2
ddc
_c
BK
999
_c
2964
_d
2964